书目信息 |
| 书名: | Catkin Willow Flats | |
| 作者: | Liu Shaotang. | |
| 分册号: | ||
| 分册名: | 出版地: | Beijing : |
|
| 出版社: | Chinese Literature | |
| 出版时间: | 1984. | |
| 页数: | 267 p. ; | |
| 开本: | 18 cm. | |
| 丛书名: | Panda books | |
| 中图分类号: | ||
| 科图分类号: | ||
| 其他分类号: | H319.4 | |
| 主题词: | ||
| 电子资源: | ||
| 000 | 00792nam 22000229i 450 | |
| 001 | 0299125285 | |
| 005 | 20070211081435.23 | |
| 008 | 850424m1984 u y 000 0 | |
| 020 | @a0835111660 (pbk.). | |
| 041 | @aeng@aeng@ichi | |
| 090 | @aI247.5-52 | |
| 090 | @aH319.4 | |
| 099 | @dH319.4@ex232 | |
| 100 | 1 | @aLiu@cShao-t?ang. |
| 130 | 0 | @aChung p?ien hsiao shuo hsüan.@lEnglish. |
| 245 | 10 | @aCatkin Willow Flats / @cLiu Shaotang. |
| 260 | 1 | @aBeijing :@bChinese Literature,@c1984. |
| 300 | @a267 p. ;@c18 cm. | |
| 440 | 0 | @aPanda books |
| 500 | @aTranslations from: Chung p?ien hsiao shuo hsüan. | |
| 505 | 1 | @aCatkin Willow Flats -- The Budding Lotus -- An encounter in Green Vine Lane -- The Liuxiang Melon Hut -- Literature with a Local Flavour. |
| 700 | 1 | @aLiu@cShao-t?ang. |
| Catkin Willow Flats / / Liu Shaotang.-Beijing : : Chinese Literature, , 1984. |
| 267 p. ; ; 18 cm.- (Panda books ) |
| Translations from: Chung p?ien hsiao shuo hsüan.-Catkin Willow Flats -- The Budding Lotus -- An encounter in Green Vine Lane -- The Liuxiang Melon Hut -- Literature with a Local Flavour. |
| ISBN 0835111660 (pbk.). |
| ● |
| 相关链接 |
|
|
|
|
正题名:Catkin Willow Flats
索取号:H319.4/x232
 
预约/预借
| 序号 | 登录号 | 条形码 | 馆藏地/架位号 | 状态 | 备注 |
| 1 | 123750 | 001432097 | 第四借阅区/ [索取号:H319.4/x232] | 在馆 | |
| 2 | 123751 | 001432122 | 第四借阅区/ [索取号:H319.4/x232] | 在馆 | |
| 3 | 123752 | 001432131 | 第四借阅区/ [索取号:H319.4/x232] | 在馆 | |
| 4 | 123753 | 001432140 | 第四借阅区/ [索取号:H319.4/x232] | 在馆 | |
| 5 | 123754 | 001432159 | 第二样本阅览室/ [索取号:H319.4/x232] | 在馆 |